The Ballad of Jew Town/ (Record no. 210625)

MARC details
000 -LEADER
fixed length control field 00566nam a22002057a 4500
005 - DATE AND TIME OF LATEST TRANSACTION
control field 20250401163922.0
010 ## - LCCN (DPL NO)
LC control number ENG-144371
020 ## - INTERNATIONAL STANDARD BOOK NUMBER
International Standard Book Number 9788119626960
Terms of availability 350.00
035 ## - SYSTEM CONTROL NUMBER
System control number EN-127903
037 ## - SOURCE OF ACQUISITION
Source of stock number/acquisition Niyogi Books
037 ## - SOURCE OF ACQUISITION
Source of stock number/acquisition DBAD
082 ## - DEWEY DECIMAL CLASSIFICATION NUMBER
Classification number S
Edition number 1
100 ## - MAIN ENTRY--PERSONAL NAME
Personal name Nair, Samyuktha
245 ## - TITLE STATEMENT
Title The Ballad of Jew Town/
Statement of responsibility, etc Samyuktha Nair
250 ## - EDITION STATEMENT
Edition statement 1
260 ## - PUBLICATION, DISTRIBUTION, ETC. (IMPRINT)
Place of publication, distribution, etc New Delhi
Name of publisher, distributor, etc Niyogi Books
Date of publication, distribution, etc 2024
270 ## - ADDRESS
Address Block D, Building No. 77, Okhla Industrial Area, Phase-I
City New Delhi
Postal code 110020
300 ## - PHYSICAL DESCRIPTION
Extent 212p.
Dimensions 20cm(pb)
942 ## - ADDED ENTRY ELEMENTS (KOHA)
Source of classification or shelving scheme Dewey Decimal Classification
Item type English Books
Classification part S
Call number suffix NAI
Holdings
Withdrawn status Lost status Not for loan Collection code Home library Current library Date acquired Source of acquisition Cost, normal purchase price Full call number Barcode Copy number Cost, replacement price Koha item type
      Non-fiction Central Jail Tihar Central Jail Tihar 01/04/2025 Delivery of Books Act Division 350.00 S NAI EN-127903 1 350.00 English Books

© Delhi Public Library
Hit Counter
free hit counter